Statistiques concernant Culture Générale - Série 1031

Cliquez ici pour prendre le quiz!

Statistiques générales

  • Ce quiz a été pris 56 fois
  • Le résultat moyen est 5 sur 10

Statistiques - réponses

QuestionRéponse% Correct
Quel mois tient son nom du dieu de la guerre dans la Rome antique ?Mars
93%
À quelle couleur primaire l'adjectif "isabelle" se rapporte-t-il ?jaune
82%
A quel héros d'Alphonse Daudet la ville de Tarascon doit-elle sa notoriété ?Tartarin
82%
Quel métal blanc servait à l'origine à la fabrication de la monnaie antique romaine appelée "sesterce" ?argent
64%
Dans le surnom de l'équipe nationale de football du Cameroun, comment sont les Lions ?indomptables
52%
En 1648, à quel peintre néerlandais doit-on “Le Christ se révélant aux pèlerins d'Emmaüs” ?Rembrandt
41%
A quelle partie du corps se rapporte le préfixe grec "stomato" de stomatologue ?bouche
34%
Dans le titre d'un film de 1990, combien de minutes Bruce Willis, alias John McClane, a-t-il "pour vivre" ?58
32%
Quel Français a composé l'opéra : "Les Pêcheurs de perles", en 1863 ?Georges Bizet
21%
Dans quelle ville est né en 1937 Dustin Hoffman ?Los Angeles
16%

Distribution des résultats

Percentile par nombre de réponses

% des personnes avec chaque résultat

Votre développement - résultats

Vous n’avez pas pris ce quiz